Extension strategies for combating diseases and pests of natural rubber in India (Record no. 59188)

MARC details
000 -LEADER
fixed length control field 00644nam a2200145Ia 4500
100 ## - MAIN ENTRY--AUTHOR NAME
Personal name Thomas J
245 #0 - TITLE STATEMENT
Title Extension strategies for combating diseases and pests of natural rubber in India
260 ## - PUBLICATION, DISTRIBUTION, ETC. (IMPRINT)
Name of publisher Healthcare in Plantation Crops: International Workshop,Seminar and Exhibition on Phytophthora Diseases of Plantation Crops and their Management: Phytophthora 2011, 12-17 September 2011, Rubber Research Institute of India, Kottayam, India. Souvenir. pp.24-30.
650 ## - SUBJECT ADDED ENTRY--TOPICAL TERM
Topical Term Disease management
650 ## - SUBJECT ADDED ENTRY--TOPICAL TERM
Topical Term Rubber diseases
700 ## - ADDED ENTRY--PERSONAL NAME
Personal name Jose K C
700 ## - ADDED ENTRY--PERSONAL NAME
Personal name Usha Rani N
942 ## - ADDED ENTRY ELEMENTS (KOHA)
Koha item type Journals
Holdings
Withdrawn status Lost status Damaged status Not for loan Home library Current library Shelving location Date acquired Koha item type
      Journals RRII Library RRII Library Pathology 17/12/2021 Journals